000 01629cam a22005174i 4500
003 PE-LiUPU
005 20250731165459.0
008 150623s r 000 0 d
020 _a0155625128
035 _a(Sirsi) i9780155625129
040 _aPE-LiUPU
_bspa
_cPE-LiUPU
_erda
049 _aPRUA
082 0 4 _a001.42
_bB23
_221
100 1 _aBarzun, Jacques,
_d1907-,
_eautor.
245 1 4 _aThe modern researcher /
_cJacques Barzun y Henry F. Graff.
264 1 _aOrlando, Florida :
_bHarcourt Brace Jovanovich,
_c1985.
300 _a450 páginas :
_bilustraciones, gráficos ;
_c22 centímetros
336 _atext
_2rdacontent
337 _aunmediated
_2rdamedia
338 _avolume
_2rdacarrier
504 _aIncluye bibliografía.
505 0 _aFirst principles. -Research. -Writing.
526 _aSEG44
526 _aSEG26
526 _aP151
526 _aP150
526 _aP149
526 _aP146
526 _aP145
526 _aP126
526 _aP125
526 _aP92
526 _aP75
526 _aP74
526 _aP27
526 _aP15
650 0 4 _aEscritura académica.
650 0 4 _aHistoriografía.
700 1 _aGraff, Henry F.,
_d1921-,
_eautor.
942 _2ddc
_cBOOK
949 _a001.42 B23
_wDEWEY
_c1
_i45517
_lCCODEBUL1
_mBUL
_r0
_sY
_tBOOK
_u2015-6-24
_xTEOLOGIA
_PP35
_0COMPRA
_o.STAFF. Colección General
994 _aC0
_bPEPRU
596 _a1
999 _a001.42 B23
_wDEWEY
_c22377
_i45517
_d22377
_f2021-11-4
_g5
_lCCODEBUL1
_mBUL
_q2
_r0
_sY
_tBOOK
_u2015-6-24
_xBIBLIOTECA
_PP35
_0COMPRA
_o.STAFF. Colección General
980 _81
_gALBERTO SANCHEZ Responsable de Automatización